LDR 00907naa#a2200181#i#450# 001 RU\\bibl\119862 005 20260605192725.5 011 ## _a2500-4026 100 ## _a20180630b2018####ek#y0rusy0150####ca 101 0# _aRUS 102 ## _aRU 200 1# _aАСПЕКТЫ ФОРМИРОВАНИЯ КУЛЬТУРЫ БЕЗОПАСНОГО ПОВЕДЕНИЯ У ДЕТЕЙ ДОШКОЛЬНОГО И МЛАДШЕГО ШКОЛЬНОГО ВОЗРАСТА _eЖурнальная статья 210 1# _aЖелезногорск _cФГБОУ ВО Сибирская пожарно-спасательная академия ГПС МЧС России _d2018 215 ## _a3 с. 608 ## _aЖурнальная статья _2local 675 ## _aВысшее образование. Высшая школа. Подготовка научных кадров. 378 _zRUS 700 #1 _aКалюжина _gЖ С 856 4# _aapbt-sibpsa.editorum.ru _u